000 00867ngm a2200301 a 4500
003 OSt
005 20251020182704.0
008 240217s9999 xx 000 0 und d
040 _aPE SENCICO BE
040 _cPE SENCICO BE
041 _aspa
082 _aQ019
245 0 _aCurso de albañilería. Tarea Nº 16. Revestir muro con mayólica. Módulo 3. 1era parte. Trazar línea de referencia. 2da parte. Cortar cerámica (mayólica). 3era parte. Colocar cerámicos, fraguar. 4ta parte. Revestir muro con mayólica /
245 0 _cSENCICO-INTE
260 _aLima
260 _bSENCICO-INTE
260 _cNo precisa
300 _a1 VIDEO
300 _bson., Col.
300 _c104'
490 _aALBAÑILERIA
520 _aMódulo Uno
650 _aMUROS
650 _aREVESTIMIENTO
651 _aPERÚ
910 _aila.
942 _cVID
_2ddc
999 _c4895
_d4895